| 000 | 00555nab a2200193 a 4500 | ||
|---|---|---|---|
| 005 | 20210219161145.0 | ||
| 008 | 991125s1985 mx 000 0 spa u | ||
| 035 | _aUPN01000179695 | ||
| 222 | _aREVISTA DE EDUCACION | ||
| 245 | _aAlgunas apreciaciones aritméticas sobre el fracaso y el abandono escolar en España | ||
| 260 | _aMadrid, España | ||
| 300 | _a307-324 | ||
| 362 | 0 | _a2010 No. extraordinario | |
| 653 | 0 | _aDESERCION ESCOLAR | |
| 653 | 0 | _aFRACASO ESCOLAR | |
| 653 | 0 | _aINMIGRACION | |
| 653 | 0 | _aMERCADO LABORAL | |
| 905 | _aArticulo | ||
| 999 |
_c151798 _d151798 |
||